Statistics for How much do you know about "My Little Pony"?

Click here to take the quiz!

General Stats

  • This quiz has been taken 234 times
  • The average score is 7 of 17

Answer Stats

HintAnswer% Correct
This Mane-Six pony's dream is to live in CanterlotRarity
91%
The only Crusader who doesn't have a sisterScootaloo
91%
Rainbow Dash broke this bodypartWing
70%
# of times Fluttershy yelled at the Grand Galloping Gala2
67%
"Clock... Is... TICKING!!!" Who said that?Twilight Sparkle
60%
Trixie said she defeated this beastAn Ursa Major
56%
This foal's father buys zap apple jam every yearDiamond Tiara
54%
When singing to baby Cakes, Pinkie Pie wore this animal's nosePig
49%
This pony dropped a flowerpot, and anvil, a cart and a piano over Twilight's headDerpy
42%
What was Apple Bloom's 3rd cutie mark in "The Cutie Pox"?A tap shoe
26%
What did Twilight order at the cafeteria in "The Ticket Master"?A daisy sandwich
21%
What did Spike use to bath Twilight in "Winter Wrap Up"?Tomato juice
20%
Which train-car does Derpy ride in the opening?First
17%
Who was Fluttershy dressed as for Nightmare Night?She wasn't wearing any disguise
13%
How did Applejack find Spike at Everfree Forest?She saw the balloon with no one in
8%
What did the CMCs buy with Spike's gem?An Industrial dryer
4%
Who was Rainbow Dash carrying over her back in "Suited For Success"?Opalesence
1%

Score Distribution

Percentile by Number Answered

Percent of People with Each Score

Your Score History

You have not taken this quiz